000 00680nam a22002297a 4500
005 20251108175259.0
008 250721s2013 xx 000 0 ara d
082 1 4 _a574.5/جلا
100 1 _aجلال، صلاح
245 1 0 _aالتنوع الحيوي وحمايته /
264 1 _aالقاهرة :
_bالمكتب العربي للمعارف،
_c2013.
300 _a180 ص.
650 1 7 _aعلم البيئة
650 1 7 _aبيئة النبات
650 1 7 _aبيئة الحيوان
650 1 7 _aالخلايا
650 1 7 _aالبيئة
653 _aالتنوع الحيوي
700 1 _aجودة، جودة فتحي
942 _2ddc
_cBK
999 _c130435
_d130435